000 01025nam0a22002531 4500
001 rc\2665403
005 20110618180917.3
035 _a(NLR Aleph) 006971992
090 _a5449812
_c5449812
100 _a20110618d1932 |||y0rusy50 ca
101 0 _arus
102 _aRU
105 _aa z |||||
200 1 _aГлистные инвазии голубей
_fК.И. Скрябин
210 _aМосква
_aЛенинград
_cСельхозгиз
_d1932
_eМосква
_gтип. "Образцовая"
215 _aОбл., 121, [2] с., 1 с. объявл.
_cил.
_d22х15 см
225 1 _aГельминтологическая библиотека
_fПод ред. заслуж. деятеля наук проф. К.И. Скрябина
320 _aБиблиогр.: "Литература" в тексте
700 1 _aСкрябин
_bК. И.
_f1878-1972
_gКонстантин Иванович
801 0 _aRU
_bNLR
_gpsbo
801 1 _aRU
_bELAR
_2rusmarc
852 _aNLR
_j32-4/1717
942 _cBOOK
980 _aNB